| 000 | 01458 a2200229 4500 | ||
|---|---|---|---|
| 001 | 54206 | ||
| 005 | 20260407155812.0 | ||
| 008 | 260407a1981 arg spa d | ||
| 003 | AR-UNSa-BCEJYS | ||
| 040 |
_aAR-UNSa-BCEJYS _bspa _cAR-UNSa-BCEJYS |
||
| 080 |
_a336.741.28 _xTeorías monetarias |
||
| 245 | 1 | 0 |
_aLa teoría monetaria moderna _pde Keynes a la década de los 80 |
| 020 | _a84 344 6065 3 | ||
| 250 | _a2a. ed. | ||
| 264 | 1 |
_aBarcelona : _bAriel _c1981 |
|
| 300 |
_a453 p. _c20 cm. |
||
| 505 | _aPrimera Parte: LOS ANTECEDENTES DE LA TEORIA MONETARIA MODERNA: 1. La teoría cuantitativa – 2. Las aportaciones Keynesianas - - Segunda Parte: LA TEORIA MONETARIA ACTUAL: 3. La función de demanda de dinero – 4. La definición de dinero – 5. Relaciones entre demanda de dinero y las variables que la determinan – 6. Estabilidad y comportamiento de la velocidad-renta – 7. La influencia de las variables monetarias sobre la renta y los precios (I): El sentido de casualidad – 8. La influencia de las variables monetarias sobre la renta y los precios (II): El proceso de ajuste – 9. Conclusiones: El estado de la Teoría Monetaria alrededor de 1970 - - Tercera Parte: LA EVOLUCION MONETARIA EN LA DECADA DE LOS 70: 10. El impulso monetario – 11. El mecanismo de transmisión – 12. Las expectativas racionales. | ||
| 041 | _aspa | ||
| 942 | _cBK | ||
| 590 | _aniveau_biblio:m niveau_hierar:0 | ||
| 100 | 1 | _aArgandoña Ramiz, Antonio | |
| 999 |
_c5377 _d5377 |
||